Congreso panamericano de enseñanza de la ingeniería. 3 : 29 trabajos presentados /
Guardado en:
| Autor Corporativo: | |
|---|---|
| Formato: | Libro |
| Idioma: | Spanish |
| Publicado: |
Panamá :
Unión panamericana de asociaciones de ingenieros,
1968.
|
| Etiquetas: |
Agregar Etiqueta
Sin Etiquetas, Sea el primero en etiquetar este registro!
|
| LEADER | 00635nam a22001455a 4500 | ||
|---|---|---|---|
| 001 | EUN.um033074 | ||
| 003 | AR-BaUNS | ||
| 005 | 20050623122907.0 | ||
| 008 | 041125s1968####pn############000#0#spa#d | ||
| 245 | 1 | 0 | |a Congreso panamericano de enseñanza de la ingeniería. 3 : |b 29 trabajos presentados / |c Congreso panamericano de enseñanza de la ingeniería. 3. |
| 260 | |a Panamá : |b Unión panamericana de asociaciones de ingenieros, |c 1968. | ||
| 300 | |a Paginación varia. | ||
| 082 | 0 | 4 | |a 620.7 |
| 110 | 2 | |a Congreso panamericano de enseñanza de la ingeniería. 3 |c Panamá, 11-17 agosto 1968. | |
| 859 | |a Ar-BaUNS |b BIB. CENTRAL - Sector C |h 620.7 |i C78 |p 50430/968 |v 3 | ||
